000 00969nam a22002537a 4500
999 _c6806
_d6806
003 AR-CdUCM
008 190319b ||||| |||| 00| 0 spa d
020 _a84-205-0213-8
040 _aMUNICIPALIDAD PROVINCIAL DEL CUSCO
_cBIBLIOTECA MUNICIPAL DEL CUSCO
041 _heng
082 _a508 /
_bN25
100 _aNashelsky, Louis
_919172
245 _aTeoría de las calculadoras numéricas automáticas /
260 _aMadrid :
_bAlhambra,
_c1979.
300 _a374 páginas ;
_c20 cm.
_bIlustraciones,
440 _aExedra - Ciencia técnica ingeniería
_n70
_919173
500 _aTitulo original: Digital computer theory
505 _aProgramación en lenguaje de máquina -- Sistema de numeración -- Códigos -- Álgebra de boole -- Circuitos y bloques para computadoras ...
650 _aElectricidad y electrónica
_919174
650 _aComputadoras digitales
_919175
700 _aFernández Díaz, Alfonso
_919176
942 _2ddc
_cLIBROS
945 _aacv